Geohydrologic evaluation of streamflow records in the Big Wood River basin, Idaho / (Record no. 29440)

MARC details
000 -LEADER
fixed length control field 01178cam a22003131a 4500
001 - CONTROL NUMBER
control field gs 60000189
003 - CONTROL NUMBER IDENTIFIER
control field DLC
005 - DATE AND TIME OF LATEST TRANSACTION
control field 20260227111409.0
008 - FIXED-LENGTH DATA ELEMENTS--GENERAL INFORMATION
fixed length control field 840925s1960 dcuab b f001 0 eng c
010 ## - LIBRARY OF CONGRESS CONTROL NUMBER
LC control number gs 60000189
035 ## - SYSTEM CONTROL NUMBER
System control number (OCoLC)11196493
040 ## - CATALOGING SOURCE
Original cataloging agency U.S. Geol. Survey. Libr.
Transcribing agency CLS
Modifying agency DNAL
-- OCoLC
-- DLC
042 ## - AUTHENTICATION CODE
Authentication code premarc
050 00 - LIBRARY OF CONGRESS CALL NUMBER
Classification number TC801
Item number .U2 no. 1479
070 0# - NATIONAL AGRICULTURAL LIBRARY CALL NUMBER
Classification number 407
Item number G29W no.1479
072 0# - SUBJECT CATEGORY CODE
Subject category code P200
082 ## - DEWEY DECIMAL CLASSIFICATION NUMBER
Classification number 551.49097963
100 1# - MAIN ENTRY--PERSONAL NAME
Personal name Smith, Rex O.
Fuller form of name (Rex Onis),
Dates associated with a name 1924-
245 10 - TITLE STATEMENT
Title Geohydrologic evaluation of streamflow records in the Big Wood River basin, Idaho /
Statement of responsibility, etc. by Rex O. Smith.
260 ## - PUBLICATION, DISTRIBUTION, ETC.
Place of publication, distribution, etc. Washington, D.C. :
Name of publisher, distributor, etc. U.S. G.P.O.,
Date of publication, distribution, etc. 1960.
300 ## - PHYSICAL DESCRIPTION
Extent v, 68 p. :
Other physical details ill., maps ;
Dimensions 24 cm.
440 #0 - SERIES STATEMENT/ADDED ENTRY--TITLE
Title Geological Survey water-supply paper ;
Volume/sequential designation 1479
500 ## - GENERAL NOTE
General note "An assessment of the geohydrologic conditions that affect the adequacy of streamflow records in measuring the water yield of a basin."
500 ## - GENERAL NOTE
General note Two folded colored maps in pocket.
504 ## - BIBLIOGRAPHY, ETC. NOTE
Bibliography, etc. note Bibliography: p. 57.
500 ## - GENERAL NOTE
General note Includes index.
650 #0 - SUBJECT ADDED ENTRY--TOPICAL TERM
Topical term or geographic name entry element Groundwater
Geographic subdivision Idaho
-- Big Wood River Watershed.
650 #0 - SUBJECT ADDED ENTRY--TOPICAL TERM
Topical term or geographic name entry element Water-supply
Geographic subdivision Idaho
-- Big Wood River Watershed.

No items available.

Powered by Koha